000 00371nam a2200145Ia 4500
005 20250329121235.0
008 240331s9999 xx 000 0 und d
082 _bSUN
_a894
100 _aSuntharaledchumi, Y
245 0 _aOru koodai kolunthu
260 _aChennai
_bSathyabharathi Pathippagam
_c1994
300 _a648 p .,
500 _aIlathu Sirukadhaikal
942 _cL
999 _c4057
_d4057